[Event "RA-2019-0-00620"]
[Site "LSS email"]
[Date "2019.04.01"]
[Round "?"]
[White "Ploscaru, Stelian"]
[Black "Fahrbach, Manfred"]
[Result "1-0"]
[WhiteElo "2206"]
[BlackElo "2163"]
[PlyCount "35"]
[EventDate "2019.02.22"]
[EventType "tourn (corr)"]
[EventRounds "6"]
[EventCountry "GER"]
[SourceTitle "Corr 2022"]
[Source "ChessBase"]
[SourceDate "2021.10.24"]
[SourceVersion "1"]
[SourceVersionDate "2021.10.24"]
[SourceQuality "1"]

1. e4 c5 2. Nf3 d6 3. d4 cxd4 4. Nxd4 Nf6 5. Nc3 a6 6. Be3 e5 7. Nb3 Be7 8. Be2 Be6 9. Qd3 0-0 10. 0-0 Nbd7 11. Nd5 Bxd5 12. exd5 Ne8 13. a4 g6 14. c4 f5 15. a5 Rc8 16. f3 Bh4 17. Nd2 e4 18. fxe4 1-0

[Event "RA-2018-0-00594"]
[Site "LSS email"]
[Date "2018.08.21"]
[Round "?"]
[White "Misericordia, Antonio"]
[Black "Fahrbach, Manfred"]
[Result "1/2-1/2"]
[WhiteElo "2375"]
[BlackElo "2145"]
[PlyCount "70"]
[EventDate "2018.07.30"]
[EventType "tourn (corr)"]
[EventRounds "6"]
[EventCountry "GER"]
[SourceTitle "Corr 2022"]
[Source "ChessBase"]
[SourceDate "2021.10.24"]
[SourceVersion "1"]
[SourceVersionDate "2021.10.24"]
[SourceQuality "1"]

1. d4 Nf6 2. Nf3 e6 3. c4 b6 4. a3 Bb7 5. Nc3 d5 6. Bf4 dxc4 7. e3 Bd6 8. Bg3 Nd5 9. Qc2 Nxc3 10. Qxc3 0-0 11. Bxc4 Qf6 12. Bd3 Bxf3 13. Be5 Qe7 14. gxf3 Nd7 15. Rd1 Rac8 16. Ke2 Rfd8 17. h4 c5 18. Bxd6 Qxd6 19. Ba6 Rb8 20. Rhg1 g6 21. Bb5 cxd4 22. Rxd4 Qe7 23. Qc7 Qc5 24. Qxc5 Nxc5 25. Rxd8+ Rxd8 26. b4 Nb7 27. e4 e5 28. Rc1 Nd6 29. Ba6 Rd7 30. f4 exf4 31. Kf3 Kg7 32. Rd1 f6 33. Kxf4 Rd8 34. Be2 Nf7 35. Rxd8 Nxd8 1/2-1/2

[Event "RA-2017-0-00557"]
[Site "LSS email"]
[Date "2017.12.29"]
[Round "?"]
[White "Fahrbach, Manfred"]
[Black "Koch, Christian"]
[Result "1/2-1/2"]
[WhiteElo "2138"]
[BlackElo "2279"]
[PlyCount "62"]
[EventDate "2017.11.29"]
[EventType "tourn (corr)"]
[EventRounds "6"]
[EventCountry "GER"]
[SourceTitle "Corr 2022"]
[Source "ChessBase"]
[SourceDate "2021.10.24"]
[SourceVersion "1"]
[SourceVersionDate "2021.10.24"]
[SourceQuality "1"]

1. e4 c5 2. Nf3 d6 3. d4 cxd4 4. Nxd4 Nf6 5. Nc3 a6 6. Be3 e5 7. Nb3 Be6 8. f3 h5 9. Nd5 Bxd5 10. exd5 Nbd7 11. Qd2 g6 12. Be2 Bg7 13. 0-0 0-0 14. Na5 Qc7 15. c4 e4 16. f4 Ng4 17. Bxg4 hxg4 18. Rab1 Rfe8 19. b4 b6 20. Nc6 Nb8 21. f5 Nxc6 22. dxc6 Qxc6 23. Qe2 Qd7 24. fxg6 fxg6 25. Bxb6 e3 26. Rf4 Re6 27. a3 Rb8 28. Bd4 Bxd4 29. Rxd4 Rf8 30. Qxg4 Qf7 31. Qe2 Qa7 1/2-1/2

[Event "RA-2017-0-00556"]
[Site "LSS email"]
[Date "2017.12.17"]
[Round "?"]
[White "Kuhn, Christian"]
[Black "Fahrbach, Manfred"]
[Result "1/2-1/2"]
[WhiteElo "2045"]
[BlackElo "2133"]
[PlyCount "35"]
[EventDate "2017.11.20"]
[EventType "tourn (corr)"]
[EventRounds "6"]
[EventCountry "GER"]
[SourceTitle "Corr 2022"]
[Source "ChessBase"]
[SourceDate "2021.10.24"]
[SourceVersion "1"]
[SourceVersionDate "2021.10.24"]
[SourceQuality "1"]

1. e4 c5 2. Nf3 d6 3. Bb5+ Nd7 4. 0-0 a6 5. Bd3 Ngf6 6. Re1 e6 7. c3 b5 8. Bc2 c4 9. d4 cxd3 10. Qxd3 Be7 11. Nbd2 0-0 12. Nd4 Bb7 13. Qg3 Rc8 14. N2f3 Re8 15. Bh6 Bf8 16. a3 Nh5 17. Qh3 Nhf6 18. Qg3 1/2-1/2

[Event "RA-2017-0-00556"]
[Site "LSS email"]
[Date "2017.12.16"]
[Round "?"]
[White "Susla, Vitaliy"]
[Black "Fahrbach, Manfred"]
[Result "1/2-1/2"]
[WhiteElo "2358"]
[BlackElo "2133"]
[PlyCount "57"]
[EventDate "2017.11.20"]
[EventType "tourn (corr)"]
[EventRounds "6"]
[EventCountry "GER"]
[SourceTitle "Corr 2022"]
[Source "ChessBase"]
[SourceDate "2021.10.24"]
[SourceVersion "1"]
[SourceVersionDate "2021.10.24"]
[SourceQuality "1"]

1. d4 Nf6 2. c4 e6 3. Nf3 b6 4. a3 Bb7 5. Nc3 d5 6. cxd5 Nxd5 7. Qc2 Nxc3 8. bxc3 Nd7 9. e4 c5 10. Bf4 cxd4 11. cxd4 Rc8 12. Qb3 h6 13. Bb5 a6 14. Bd3 Qf6 15. Bc1 Qg6 16. 0-0 Bxe4 17. Bxa6 Bd5 18. Qb1 Qxb1 19. Rxb1 Rc2 20. Bb5 Bd6 21. Ba4 Ra2 22. Ne5 Bxe5 23. dxe5 Ke7 24. Bxd7 Kxd7 25. Rxb6 Rc8 26. h3 Rcc2 27. Rb8 Ke7 28. Rg8 Bc4 29. Re1 1/2-1/2

[Event "RA-2017-0-00551"]
[Site "LSS email"]
[Date "2017.11.14"]
[Round "?"]
[White "Nowak, Ireneusz"]
[Black "Fahrbach, Manfred"]
[Result "1/2-1/2"]
[WhiteElo "2150"]
[BlackElo "2133"]
[PlyCount "74"]
[EventDate "2017.10.31"]
[EventType "tourn (corr)"]
[EventRounds "6"]
[EventCountry "GER"]
[SourceTitle "Corr 2022"]
[Source "ChessBase"]
[SourceDate "2021.10.24"]
[SourceVersion "1"]
[SourceVersionDate "2021.10.24"]
[SourceQuality "1"]

1. e4 c5 2. Nf3 d6 3. d4 cxd4 4. Nxd4 Nf6 5. Nc3 a6 6. Bg5 e6 7. f4 h6 8. Bh4 Qb6 9. Nb3 Qe3+ 10. Be2 Nxe4 11. Nxe4 Qxf4 12. Nxd6+ Bxd6 13. Bf2 Bc7 14. Qd2 Qxd2+ 15. Nxd2 Nd7 16. a4 b6 17. 0-0 Bb7 18. Nc4 Bd5 19. Rad1 Bxc4 20. Bxc4 Ke7 21. c3 Rhc8 22. Be2 Bd6 23. Kh1 Rd8 24. h4 Nc5 25. Rd4 g5 26. a5 bxa5 27. Rxd6 Kxd6 28. Rd1+ Kc6 29. Bf3+ Kb6 30. Ra1 Kb5 31. Be2+ Kc6 32. Bf3+ Kd6 33. hxg5 hxg5 34. Rd1+ Kc7 35. Bxc5 Rxd1+ 36. Bxd1 Rd8 37. Bd4 Kd6 1/2-1/2

[Event "RA-2017-0-00511"]
[Site "LSS email"]
[Date "2017.04.08"]
[Round "?"]
[White "Dehaybe, Andre"]
[Black "Fahrbach, Manfred"]
[Result "1/2-1/2"]
[WhiteElo "2178"]
[BlackElo "2111"]
[PlyCount "52"]
[EventDate "2017.03.11"]
[EventType "tourn (corr)"]
[EventRounds "6"]
[EventCountry "GER"]
[SourceTitle "Corr 2022"]
[Source "ChessBase"]
[SourceDate "2021.10.24"]
[SourceVersion "1"]
[SourceVersionDate "2021.10.24"]
[SourceQuality "1"]

1. d4 Nf6 2. c4 e6 3. Nf3 b6 4. g3 Be7 5. Bg2 Bb7 6. 0-0 0-0 7. a3 c6 8. Nc3 d5 9. Nd2 c5 10. Nb3 Nbd7 11. dxc5 Nxc5 12. Nxc5 bxc5 13. Bg5 Rb8 14. cxd5 Nxd5 15. Bxe7 Qxe7 16. Nxd5 Bxd5 17. Bxd5 Rfd8 18. e4 exd5 19. exd5 Rxb2 20. Qd3 Re2 21. Rfd1 Re4 22. Qb5 g6 23. d6 Qe5 24. Rac1 Rd4 25. Rxd4 Qxd4 26. Qxc5 Rxd6 1/2-1/2

[Event "RA-2017-0-00511"]
[Site "LSS email"]
[Date "2017.04.08"]
[Round "?"]
[White "Fahrbach, Manfred"]
[Black "Kolanek, Roman"]
[Result "1/2-1/2"]
[WhiteElo "2111"]
[BlackElo "2198"]
[PlyCount "48"]
[EventDate "2017.03.11"]
[EventType "tourn (corr)"]
[EventRounds "6"]
[EventCountry "GER"]
[SourceTitle "Corr 2022"]
[Source "ChessBase"]
[SourceDate "2021.10.24"]
[SourceVersion "1"]
[SourceVersionDate "2021.10.24"]
[SourceQuality "1"]

1. e4 c5 2. Nf3 d6 3. d4 cxd4 4. Nxd4 Nf6 5. Nc3 a6 6. f3 e5 7. Nb3 Be7 8. Be3 Be6 9. Qd2 Nbd7 10. g4 Qc7 11. 0-0-0 0-0 12. g5 Nh5 13. f4 Nxf4 14. Bxf4 exf4 15. Qxf4 Rac8 16. Kb1 b5 17. Nd4 Nb6 18. a3 Qc5 19. h4 b4 20. axb4 Qxb4 21. Qe3 Rfe8 22. Nxe6 fxe6 23. Na2 Qa4 24. Qb3 Qxb3 1/2-1/2

[Event "RA-2017-0-00511"]
[Site "LSS email"]
[Date "2017.04.08"]
[Round "?"]
[White "Fahrbach, Manfred"]
[Black "Llorente Alvarez, Jose Luis"]
[Result "1/2-1/2"]
[WhiteElo "2111"]
[BlackElo "2164"]
[PlyCount "134"]
[EventDate "2017.03.11"]
[EventType "tourn (corr)"]
[EventRounds "6"]
[EventCountry "GER"]
[SourceTitle "Corr 2022"]
[Source "ChessBase"]
[SourceDate "2021.10.24"]
[SourceVersion "1"]
[SourceVersionDate "2021.10.24"]
[SourceQuality "1"]

1. e4 e5 2. Bc4 Nf6 3. d3 Nc6 4. Nf3 Be7 5. 0-0 0-0 6. a4 d5 7. exd5 Nxd5 8. Re1 Bg4 9. c3 Nb6 10. Bb5 Bxf3 11. Qxf3 Na5 12. Nd2 a6 13. Bc4 Nbxc4 14. Nxc4 Nb3 15. Rb1 f6 16. Qd1 Nxc1 17. Rxc1 Bc5 18. b4 Ba7 19. Na5 Rb8 20. Nb3 Re8 21. Qc2 Qd7 22. a5 Rbd8 23. Rcd1 Qd5 24. h4 Qc6 25. Re2 Re7 26. d4 Red7 27. Rde1 exd4 28. Re8+ Rxe8 29. Rxe8+ Kf7 30. Ra8 d3 31. Qd1 Qxc3 32. Rxa7 Qxb4 33. Nd2 Rd8 34. Qc1 c5 35. Qd1 c4 36. Qf3 Rd7 37. Qg4 Rc7 38. Qf4 Qxa5 39. Nxc4 Qc5 40. Nd2 Re7 41. Ra8 Qc7 42. Qxc7 Rxc7 43. Rd8 a5 44. f3 a4 45. Kf2 b5 46. Ke3 a3 47. Ra8 b4 48. h5 Ke6 49. Kxd3 Kd5 50. Ne4 f5 51. Ra5+ Kc6 52. Ng3 Kb6 53. Ra8 g6 54. Ne2 Rc6 55. h6 g5 56. Nd4 Rc3+ 57. Kd2 g4 58. fxg4 fxg4 59. Nc2 Rb3 60. Ra4 Kc5 61. Ra7 Rb2 62. Kc1 b3 63. Rc7+ Kd5 64. Nxa3 Ra2 65. Nb5 Rxg2 66. Rxh7 Rh2 67. Rg7 Rxh6 1/2-1/2

[Event "RA-2017-0-00511"]
[Site "LSS email"]
[Date "2017.04.08"]
[Round "?"]
[White "Jarabinsky, Martin"]
[Black "Fahrbach, Manfred"]
[Result "1/2-1/2"]
[WhiteElo "2244"]
[BlackElo "2111"]
[PlyCount "55"]
[EventDate "2017.03.11"]
[EventType "tourn (corr)"]
[EventRounds "6"]
[EventCountry "GER"]
[SourceTitle "Corr 2022"]
[Source "ChessBase"]
[SourceDate "2021.10.24"]
[SourceVersion "1"]
[SourceVersionDate "2021.10.24"]
[SourceQuality "1"]

1. e4 c5 2. Nf3 Nc6 3. d4 cxd4 4. Nxd4 Nf6 5. Nc3 d6 6. Bg5 e6 7. Qd2 Be7 8. 0-0-0 0-0 9. h4 a6 10. Be2 Nxd4 11. Qxd4 Bd7 12. e5 dxe5 13. Qxe5 Rc8 14. Qg3 Kh8 15. Bf3 Rxc3 16. bxc3 Ba3+ 17. Kd2 Qa5 18. Bxf6 gxf6 19. Rh3 Bb2 20. Bxb7 e5 21. Be4 Rc8 22. Ke2 Bb5+ 23. Bd3 e4 24. Bxb5 Qxb5+ 25. c4 Qxc4+ 26. Ke1 Bc3+ 27. Qxc3 Qxc3+ 28. Rxc3 1/2-1/2

[Event "RA-2017-0-00501"]
[Site "LSS email"]
[Date "2017.02.03"]
[Round "?"]
[White "Fahrbach, Manfred"]
[Black "Koch, Christian"]
[Result "1/2-1/2"]
[WhiteElo "2108"]
[BlackElo "2271"]
[PlyCount "88"]
[EventDate "2017.01.16"]
[EventType "tourn (corr)"]
[EventRounds "6"]
[EventCountry "GER"]
[SourceTitle "Corr 2022"]
[Source "ChessBase"]
[SourceDate "2021.10.24"]
[SourceVersion "1"]
[SourceVersionDate "2021.10.24"]
[SourceQuality "1"]

1. e4 d6 2. d4 Nf6 3. Nc3 g6 4. Be3 Bg7 5. Qd2 a6 6. 0-0-0 b5 7. f3 b4 8. Nce2 a5 9. Nf4 Nc6 10. g4 Nd7 11. h4 Nxd4 12. Bxd4 Bxd4 13. Qxd4 e5 14. Qf2 exf4 15. Ne2 0-0 16. Nxf4 Nb6 17. Qd4 Qe7 18. Bb5 Rb8 19. Kb1 Bb7 20. b3 Ba8 21. Rd2 d5 22. exd5 Rbd8 23. Bc4 c5 24. Qe4 Rfe8 25. Qxe7 Rxe7 26. Kb2 Kg7 27. Rhd1 Re3 28. Rd3 Re5 29. a4 bxa3+ 30. Kxa3 a4 31. Bb5 axb3 32. c4 h5 33. gxh5 Rf5 34. Ne2 Rxh5 35. Ng3 Rxh4 36. Ne4 Rc8 37. Re3 Rf4 38. Kb2 Rh4 39. Rxb3 f5 40. Nd2 Bxd5 41. cxd5 c4 42. Ra3 Rc5 43. Bc6 Nxd5 44. Bxd5 Rxd5 1/2-1/2

[Event "RA-2016-0-00437"]
[Site "LSS email"]
[Date "2016.03.14"]
[Round "?"]
[White "Sorcinelli, Andrea"]
[Black "Fahrbach, Manfred"]
[Result "1/2-1/2"]
[WhiteElo "2245"]
[BlackElo "2061"]
[PlyCount "82"]
[EventDate "2016.02.13"]
[EventType "tourn (corr)"]
[EventRounds "6"]
[EventCountry "GER"]
[SourceTitle "Corr 2022"]
[Source "ChessBase"]
[SourceDate "2021.10.24"]
[SourceVersion "1"]
[SourceVersionDate "2021.10.24"]
[SourceQuality "1"]

1. e4 c5 2. d3 Nc6 3. g3 e6 4. Bg2 Nf6 5. f4 d5 6. e5 Ng8 7. c4 Nge7 8. Nc3 h5 9. Nf3 Nf5 10. 0-0 Be7 11. Bh3 g6 12. Bd2 dxc4 13. dxc4 Ncd4 14. Bxf5 Nxf5 15. Ne4 0-0 16. Qe2 b5 17. cxb5 a6 18. Be3 Bb7 19. Nxc5 Qb6 20. b4 Nxe3 21. Qxe3 Rfc8 22. Rac1 axb5 23. f5 gxf5 24. a3 Bd5 25. Rc3 Kh7 26. Rd1 Rg8 27. Rxd5 exd5 28. Nd4 Qg6 29. Qf3 Qg4 30. Qxf5+ Qxf5 31. Nxf5 Bxc5+ 32. bxc5 Rg5 33. Nd4 Rg4 34. Rd3 Re4 35. c6 Re1+ 36. Kg2 Rc1 37. Kh3 Rc5 38. Kh4 Kg6 39. Rf3 Re8 40. Rf6+ Kg7 41. Nf5+ Kf8 1/2-1/2

[Event "RA-2016-0-00433"]
[Site "LSS email"]
[Date "2016.02.14"]
[Round "?"]
[White "Fahrbach, Manfred"]
[Black "Kazimierski, Tomasz"]
[Result "1-0"]
[WhiteElo "2061"]
[BlackElo "2141"]
[PlyCount "105"]
[EventDate "2016.01.19"]
[EventType "tourn (corr)"]
[EventRounds "6"]
[EventCountry "GER"]
[SourceTitle "Corr 2022"]
[Source "ChessBase"]
[SourceDate "2021.10.24"]
[SourceVersion "1"]
[SourceVersionDate "2021.10.24"]
[SourceQuality "1"]

1. e4 e5 2. Bc4 Nf6 3. d3 c6 4. Nf3 d5 5. Bb3 Bb4+ 6. Bd2 Bxd2+ 7. Nbxd2 Bg4 8. h3 Bxf3 9. Qxf3 a5 10. a3 dxe4 11. Nxe4 0-0 12. Nxf6+ Qxf6 13. Qxf6 gxf6 14. 0-0-0 Na6 15. d4 Rad8 16. d5 a4 17. Bc4 cxd5 18. Bxd5 Nc5 19. Rhe1 Kg7 20. Re3 Rd7 21. Rg3+ Kh6 22. Rc3 b6 23. Bc6 Rxd1+ 24. Kxd1 Rd8+ 25. Ke1 Rd4 26. Re3 Kg7 27. Rg3+ Kf8 28. Rg4 e4 29. Rh4 Rc4 30. Kd1 Kg7 31. Rf4 h6 32. f3 Rd4+ 33. Ke2 exf3+ 34. Kxf3 Ne6 35. Rg4+ Rxg4 36. Kxg4 f5+ 37. Kg3 Nc5 38. Kf4 Kf6 39. Bb5 Ne6+ 40. Ke3 Ke5 41. Bxa4 f4+ 42. Kf2 Nc5 43. Bc6 Ne6 44. c3 h5 45. b4 h4 46. a4 Ng5 47. c4 Kd6 48. Bd5 f6 49. Ke2 f5 50. a5 bxa5 51. bxa5 Kc7 52. Kd3 f3 53. Bxf3 1-0

[Event "RA-2016-0-00433"]
[Site "LSS email"]
[Date "2016.02.14"]
[Round "?"]
[White "Susla, Vitaliy"]
[Black "Fahrbach, Manfred"]
[Result "1/2-1/2"]
[WhiteElo "2264"]
[BlackElo "2061"]
[PlyCount "65"]
[EventDate "2016.01.19"]
[EventType "tourn (corr)"]
[EventRounds "6"]
[EventCountry "GER"]
[SourceTitle "Corr 2022"]
[Source "ChessBase"]
[SourceDate "2021.10.24"]
[SourceVersion "1"]
[SourceVersionDate "2021.10.24"]
[SourceQuality "1"]

1. d4 Nf6 2. c4 e6 3. Nf3 b6 4. a3 Bb7 5. Nc3 Bd6 6. Qd3 Be7 7. e4 d5 8. cxd5 exd5 9. e5 Ne4 10. Qc2 Nxc3 11. bxc3 Qd7 12. Be3 Ba6 13. Bxa6 Nxa6 14. 0-0 c6 15. Nd2 Nc7 16. f4 f5 17. Nf3 0-0 18. a4 Ne6 19. Ra2 g6 20. Rb1 Rfb8 21. h4 a5 22. Rba1 Bd8 23. h5 Ra7 24. hxg6 hxg6 25. Kf2 b5 26. g4 Qf7 27. Rg1 Ng7 28. g5 Rab7 29. Rga1 Nh5 30. Rc1 Qd7 31. Ne1 Bxg5 32. fxg5 Qe6 33. Ke2 1/2-1/2

[Event "OP-2016-0-03928"]
[Site "LSS email"]
[Date "2016.01.17"]
[Round "?"]
[White "Tanti, Joseph"]
[Black "Fahrbach, Manfred"]
[Result "1/2-1/2"]
[WhiteElo "1775"]
[BlackElo "2061"]
[PlyCount "53"]
[EventDate "2016.01.10"]
[EventType "tourn (corr)"]
[EventRounds "4"]
[EventCountry "GER"]
[SourceTitle "Corr 2022"]
[Source "ChessBase"]
[SourceDate "2021.10.24"]
[SourceVersion "1"]
[SourceVersionDate "2021.10.24"]
[SourceQuality "1"]

1. e4 e6 2. d4 d5 3. Nc3 Nf6 4. Bg5 Bb4 5. e5 h6 6. Bc1 Ne4 7. Qg4 Kf8 8. Nge2 h5 9. Qf4 Ba5 10. Be3 c5 11. 0-0-0 Bxc3 12. Nxc3 Nxc3 13. bxc3 Qa5 14. dxc5 Qxc3 15. Qd4 Qxd4 16. Bxd4 Nc6 17. Bb2 Bd7 18. h4 Ke7 19. Rh3 Rhc8 20. Be2 g6 21. Kb1 Na5 22. Ra3 b6 23. cxb6 axb6 24. Bc3 Nc6 25. Rxa8 Rxa8 26. g3 Ra4 27. Bf1 1/2-1/2

[Event "RA-2014-0-00347"]
[Site "LSS email"]
[Date "2014.09.12"]
[Round "?"]
[White "Fahrbach, Manfred"]
[Black "Oliveira, Diogo Luiz"]
[Result "1/2-1/2"]
[WhiteElo "2002"]
[BlackElo "2081"]
[PlyCount "64"]
[EventDate "2014.08.22"]
[EventType "tourn (corr)"]
[EventRounds "6"]
[EventCountry "GER"]
[SourceTitle "Corr 2015"]
[Source "ChessBase"]
[SourceDate "2015.07.17"]
[SourceVersion "1"]
[SourceVersionDate "2015.07.17"]
[SourceQuality "1"]

1. Nf3 Nf6 2. c4 g6 3. d4 Bg7 4. Nc3 d5 5. Qb3 dxc4 6. Qxc4 0-0 7. e4 a6 8. Qb3 b5 9. Be2 Nc6 10. e5 Be6 11. Qd1 Nd5 12. 0-0 Nxc3 13. bxc3 Na5 14. Ba3 Nc4 15. Bc5 Nb2 16. Qc2 Na4 17. Ba3 c5 18. dxc5 Rc8 19. Rfd1 Qc7 20. c4 Qa5 21. cxb5 Nc3 22. Rd3 Nxb5 23. Bb2 Bf5 24. Qd2 Qxd2 25. Rxd2 Bh6 26. Rd5 Be6 27. Rdd1 Rxc5 28. Bf1 Rc2 29. Bc1 Bxc1 30. Rdxc1 Rxa2 31. Rxa2 Bxa2 32. Ra1 Nc3 1/2-1/2

[Event "RA-2014-0-00312"]
[Site "LSS email"]
[Date "2014.02.14"]
[Round "?"]
[White "Fahrbach, Manfred"]
[Black "Grego, Luis Jose Gonzaga"]
[Result "1-0"]
[WhiteElo "1988"]
[BlackElo "2068"]
[PlyCount "31"]
[EventDate "2014.01.13"]
[EventType "tourn (corr)"]
[EventRounds "6"]
[EventCountry "GER"]
[SourceTitle "Telechess CBM 167"]
[Source "ChessBase"]
[SourceDate "2015.07.13"]
[SourceVersion "1"]
[SourceVersionDate "2015.07.13"]
[SourceQuality "1"]

1. Nf3 Nf6 2. c4 g6 3. d4 Bg7 4. g3 0-0 5. Bg2 d6 6. 0-0 Nbd7 7. Nc3 e5 8. e4 exd4 9. Nxd4 Nc5 10. h3 Re8 11. Re1 a5 12. Ndb5 Nfd7 13. Be3 Ne5 14. Bf1 Be6 15. b3 c6 16. Nxd6 1-0

[Event "RA-2013-0-00263"]
[Site "LSS email"]
[Date "2013.03.09"]
[Round "?"]
[White "Fahrbach, Manfred"]
[Black "Kolanek, Roman"]
[Result "1/2-1/2"]
[WhiteElo "2012"]
[BlackElo "1942"]
[PlyCount "102"]
[EventDate "2013.02.07"]
[EventType "tourn (corr)"]
[EventRounds "6"]
[EventCountry "GER"]
[SourceTitle "Telechess CBM 159"]
[Source "ChessBase"]
[SourceDate "2014.03.17"]
[SourceVersion "1"]
[SourceVersionDate "2014.03.17"]
[SourceQuality "1"]

1. Nf3 d5 2. g3 Nf6 3. Bg2 c5 4. 0-0 e6 5. d4 cxd4 6. Nxd4 e5 7. Nb3 Be6 8. Bg5 Nbd7 9. Nc3 Be7 10. f4 exf4 11. Bxf4 0-0 12. Bxd5 Qb6+ 13. e3 Rad8 14. Bg2 h6 15. h4 Ne5 16. Na4 Qa6 17. Qe1 Neg4 18. Qa5 Qxa5 19. Nxa5 Bd5 20. e4 Bxe4 21. Nxb7 Rd4 22. b3 Bxc2 23. Rac1 Rc8 24. Na5 Nd5 25. Bxd5 Rxd5 26. Nc4 Bf5 27. Ne3 Nxe3 28. Bxe3 Rxc1 29. Rxc1 Ba3 30. Rc4 Rd1+ 31. Kf2 Ra1 32. Nc3 a5 33. Bc5 Bb2 34. Bd4 Bxc3 35. Bxc3 Rxa2+ 36. Ke3 Ra3 37. Kf4 Be6 38. Rc5 Rxb3 39. Bxa5 f6 40. Bc3 Rb1 41. Kf3 Rd1 42. Ke3 Rd7 43. Bd4 Rb7 44. Kf4 Kf7 45. Ra5 Rb4 46. Ke3 Rb3+ 47. Kf4 g5+ 48. hxg5 hxg5+ 49. Ke4 Bh3 50. Be3 Kg6 51. Kd4 Bf5 1/2-1/2

[Event "RA-2013-0-00263"]
[Site "LSS email"]
[Date "2013.03.07"]
[Round "?"]
[White "Jacewicz, Grzegorz"]
[Black "Fahrbach, Manfred"]
[Result "1-0"]
[WhiteElo "2043"]
[BlackElo "2012"]
[PlyCount "71"]
[EventDate "2013.02.07"]
[EventType "tourn (corr)"]
[EventRounds "6"]
[EventCountry "GER"]
[SourceTitle "Telechess CBM 159"]
[Source "ChessBase"]
[SourceDate "2014.03.17"]
[SourceVersion "1"]
[SourceVersionDate "2014.03.17"]
[SourceQuality "1"]

1. d4 Nf6 2. Nf3 d5 3. e3 e6 4. c4 b6 5. Nc3 Bb7 6. cxd5 exd5 7. Bb5+ c6 8. Bd3 Be7 9. 0-0 0-0 10. b3 a5 11. Ne5 Re8 12. a3 Bd6 13. f4 Ba6 14. Ra2 Qe7 15. g4 Bxd3 16. Qxd3 Ne4 17. Nxe4 dxe4 18. Qc2 Qe6 19. Qc4 Qd5 20. Rc2 b5 21. Qxd5 cxd5 22. g5 a4 23. b4 f6 24. gxf6 gxf6 25. Rg2+ Kf8 26. Ng4 Kg7 27. Kf2 Rc8 28. Bd2 h5 29. Ne5+ Kf8 30. Rfg1 Ke8 31. Rg8+ Bf8 32. Ng6 Nd7 33. Nxf8 Nxf8 34. Ke2 Ra7 35. Rh8 Rc3 36. Bxc3 1-0

[Event "RA-2012-0-00204"]
[Site "LSS email"]
[Date "2012.04.15"]
[Round "?"]
[White "Fahrbach, Manfred"]
[Black "Cimicki, Dariusz"]
[Result "1/2-1/2"]
[WhiteElo "2042"]
[BlackElo "2115"]
[PlyCount "52"]
[EventDate "2012.03.29"]
[EventType "tourn (corr)"]
[EventRounds "6"]
[EventCountry "GER"]
[SourceTitle "Telechess CBM 153"]
[Source "ChessBase"]
[SourceDate "2013.03.14"]
[SourceVersion "1"]
[SourceVersionDate "2013.03.14"]
[SourceQuality "1"]

1. Nf3 d5 2. g3 c6 3. Bg2 Bg4 4. 0-0 Nd7 5. d4 e6 6. Nbd2 Ngf6 7. Re1 Be7 8. e4 0-0 9. c3 Bh5 10. e5 Ne8 11. Qb3 Qb6 12. a4 c5 13. a5 Qxb3 14. Nxb3 c4 15. Nbd2 Nc7 16. b3 cxb3 17. Ba3 b2 18. Bxb2 b5 19. Ba3 Bxa3 20. Rxa3 Nb8 21. Raa1 Nc6 22. Nb3 b4 23. cxb4 Nxb4 24. Rec1 Rfc8 25. Nbd2 Bg6 26. Bf1 Nca6 1/2-1/2

[Event "RA-2012-0-00204"]
[Site "LSS email"]
[Date "2012.04.15"]
[Round "?"]
[White "Fahrbach, Manfred"]
[Black "Sorcinelli, Andrea"]
[Result "1/2-1/2"]
[WhiteElo "2042"]
[BlackElo "1754"]
[PlyCount "40"]
[EventDate "2012.03.29"]
[EventType "tourn (corr)"]
[EventRounds "6"]
[EventCountry "GER"]
[SourceTitle "Telechess CBM 153"]
[Source "ChessBase"]
[SourceDate "2013.03.14"]
[SourceVersion "1"]
[SourceVersionDate "2013.03.14"]
[SourceQuality "1"]

1. e4 e5 2. Nf3 Nc6 3. Bc4 Bc5 4. c3 Nf6 5. d3 a6 6. Nbd2 Ba7 7. h3 0-0 8. Bb3 d6 9. Nf1 d5 10. Qc2 Qd6 11. Ng3 dxe4 12. dxe4 h6 13. 0-0 Rd8 14. Bd2 Be6 15. Rfd1 Bxb3 16. Qxb3 Qe6 17. Qxe6 fxe6 18. b4 Rd6 19. Be1 Rad8 20. Rdb1 Rd3 1/2-1/2

[Event "RA-2012-0-00204"]
[Site "LSS email"]
[Date "2012.04.15"]
[Round "?"]
[White "Tylecek, Drahomir"]
[Black "Fahrbach, Manfred"]
[Result "1-0"]
[WhiteElo "1979"]
[BlackElo "2042"]
[PlyCount "106"]
[EventDate "2012.03.29"]
[EventType "tourn (corr)"]
[EventRounds "6"]
[EventCountry "GER"]
[SourceTitle "Telechess CBM 153"]
[Source "ChessBase"]
[SourceDate "2013.03.14"]
[SourceVersion "1"]
[SourceVersionDate "2013.03.14"]
[SourceQuality "1"]

1. e4 c5 2. Nf3 d6 3. d4 Nf6 4. Nc3 cxd4 5. Nxd4 a6 6. Bg5 e6 7. f4 Nbd7 8. Qf3 Qc7 9. 0-0-0 b5 10. Bxb5 axb5 11. Ndxb5 Qb8 12. e5 Ra5 13. exf6 gxf6 14. Bh6 Bxh6 15. Nxd6+ Ke7 16. Kb1 Rd8 17. Rhe1 Nf8 18. Nc4 Rxd1+ 19. Qxd1 Rc5 20. Nd5+ Rxd5 21. Qxd5 Bxf4 22. g3 Bc7 23. Qc5+ Ke8 24. Rd1 Nd7 25. Qd4 Ke7 26. a4 Kf8 27. Nd6 e5 28. Qd2 Bxd6 29. Qxd6+ Qxd6 30. Rxd6 Ke7 31. Rc6 Bb7 32. Rc7 Bd5 33. a5 Kd6 34. Rc8 Bb7 35. Rh8 e4 36. Kc1 Ne5 37. Kd1 Kc5 38. b4+ Kc4 39. c3 Ba6 40. Rb8 Nc6 41. Rb6 Bb5 42. a6 f5 43. Kd2 h6 44. h4 h5 45. a7 Nxa7 46. Rb7 Nc6 47. Rxf7 Ne5 48. Rxf5 Kd5 49. Ke3 Ke6 50. Rg5 Bc6 51. b5 Bd5 52. b6 Bc6 53. Rxh5 Nc4+ 1-0